Focus sur: Delphini - Harry Potter - Statistiques

Statistiques générales
  • Ce quiz a été pris 123 fois
  • Le résultat moyen est 6 sur 8
Statistiques - réponses
Informations recherchées Réponses % Correct
Statut du sang Sang-Mêlé
97%
Père (présumé) Tom Elvis Jedusor
91%
Mère (présumé) Bellatrix Lestrange
88%
Surnom Delphi
86%
Première apparition Harry Potter et l'Enfant Maudit
84%
Couleur des cheveux Argenté à reflets bleus
68%
Faux nom de famille (usurpé) Diggory
64%
Comédienne l'interprétant dans la pièce de théâtre Esther Smith
16%
Aucun quiz correspondant
Distribution des résultats
% des personnes avec chaque résultat
Percentile par nombre de réponses
Votre historique - résultats
Vous n’avez pas pris ce quiz